Die 3 größten Städte von A-Z - Statistiken

Allgemein
  • Dieses Quiz wurde 416 mal gespielt
  • Das Durchschnittsergebnis liegt bei 38 aus 78
Antwortstatistiken
Land Antwort Einwohner Ballungsraum Buchstabe % Korrekt
Türkei Ankara 6.000.000 A
97%
Argentinien Buenos Aires 11.000.000 B
86%
Thailand Bangkok 8.300.000 B
84%
Vereinigtes Königreich London 14.200.000 L
81%
Frankreich Paris 12.000.000 P
81%
Türkei Istanbul 16.000.000 I
80%
Mexiko Mexiko Stadt 21.000.000 M
80%
USA New York City 20.000.000 N
79%
China Peking 18.000.000 P
79%
Italien Rom 3.000.000 R
79%
Japan Tokio 40.000.000 T
79%
Österreich Wien 2.000.000 W
78%
Schweiz Zürich 2.000.000 Z
78%
USA Chicago 10.000.000 C
77%
USA Los Angeles 18.000.000 L
76%
Südkorea Seoul 10.000.000 S
75%
USA Washington D.C 10.000.000 W
75%
Indonesien Jakarta 37.000.000 J
70%
Südafrika Johannesburg 8.000.000 J
70%
Iran Teheran 16.000.000 T
70%
Indien Delhi 16.800.000 D
69%
Kanada Vancouver 2.500.000 V
69%
Indien Mumbai 28.000.000 M
68%
Brasilien São Paulo 13.000.000 S
68%
Saudi-Arabien Riad 6.600.000 R
67%
USA Atlanta 5.000.000 A
66%
Guatemala Guatemala Stadt 3.000.000 G
66%
Japan Osaka 17.000.000 O
66%
Brasilien Rio De Janeiro 6.800.000 R
66%
China Shanghai 25.000.000 S
66%
Philippinen Manila 13.000.000 M
65%
USA Dallas 7.600.000 D
64%
Kenia Nairobi 5.000.000 N
64%
Ecuador Quito 2.800.000 Q
63%
Bangladesch Dhaka 14.600.000 D
62%
Taiwan Taipeh 13.900.000 T
62%
Nigeria Lagos 15.000.000 L
59%
Mongolei Ulaanbaatar 1.500.000 U
58%
Pakistan Islamabad 3.000.000 I
57%
Demokratische Republik Kongo Kinshasa 15.000.000 K
54%
USA Philadelphia 6.200.000 P
53%
China Guangzhou 19.000.000 G
50%
Indien Kalkutta 14.700.000 K
48%
China Wuhan 8.000.000 W
46%
Kanada Edmonton 1.800.000 E
45%
USA Orlando 2.700.000 O
44%
Vietnam Ho Chi Minh Stadt 9.000.000 H
43%
China Xi‘an 13.000.000 X
42%
Indien Bangalore 13.000.000 B
40%
Indien Chennai 8.600.000 C
38%
Pakistan Karatschi 15.800.000 K
38%
Burkina Faso Ouagadougou 2.600.000 O
36%
Indien Ahmedabad 5.570.000 A
33%
Mexiko Guadalajara 5.000.000 G
33%
Brasilien Fortaleza 3.000.000 F
31%
China Chengdu 20.000.000 C
28%
Japan Nagoya 3.000.000 N
28%
Russland Ufa 1.200.000 U
28%
Indien Hyderabad 7.900.000 H
26%
China Xiamen 5.000.000 X
23%
Indien Jaipur 3.000.000 J
21%
Irak Erbil 1.700.000 E
17%
China Hangzhou 11.000.000 H
16%
Pakistan Faisalabad 3.300.000 F
15%
China Qingdao 10.000.000 Q
15%
Nigeria Ibadan 5.800.000 I
13%
Philippinen Quezon City 3.000.000 Q
12%
USA El Paso 900.000 E
11%
China Fuzhou 8.300.000 F
11%
Südkorea Ulsan 1.000.000 U
11%
China Zhengzhou 12.000.000 Z
7%
Indien Vadodara 1.700.000 V
3%
China Zibo 4.800.000 Z
3%
Indien Visakhapatnam 1.600.000 V
2%
China Xuzhou 12.000.000 X
2%
China Yancheng 6.700.000 Y
1%
China Yantei 6.000.000 Y
0%
China Yinchuan 3.000.000 Y
0%
Keine übereinstimmenden Quizze gefunden
Verteilung der Resultate
Anzahl Personen mit jedem Resultat
Perzentil nach korrekt beantworteten Fragen
Ihre Resultats-Entwicklung
Sie haben dieses Quiz noch nicht gespielt